|
|
|
|
| LEADER |
00000nab a2200000 a 4500 |
| 001 |
vtls000797621 |
| 003 |
SK-MaSNL |
| 005 |
20260303164342.0 |
| 008 |
140507c2002 xo 0 slo |
| 015 |
|
|
|a SNBRB2002/06-20021
|
| 035 |
|
|
|a CLN000149276
|
| 040 |
|
|
|a SNKBUCL
|b slo
|c SNKBUCL
|e AACR2
|
| 041 |
0 |
|
|a slo
|
| 044 |
|
|
|a xo
|c SK
|
| 080 |
|
|
|a 885.4-1
|2 1997
|
| 100 |
1 |
|
|a Kantorová-Báliková, Jana,
|d 1951-
|4 aut
|9 160814
|
| 245 |
1 |
0 |
|a [Básne]
|c Jana Kantorová-Báliková
|
| 505 |
1 |
|
|a Bozk na pohyblivých schodoch -- Jam session -- Babie leto -- Za plotom supermarketu -- Tvár -- Hudbe
|
| 650 |
0 |
7 |
|a lyrické básne, slovenské
|2 snkbucl
|9 28980
|
| 655 |
|
7 |
|a články z novín a časopisov
|2 snkbucl
|9 267496
|
| 773 |
0 |
|
|t Kultúrny život
|g Roč. 3, č. 19-20 (2002), s. 9
|x 1335-6976
|
| 850 |
|
|
|a Slovenská národná knižnica v Martine
|
| 852 |
|
|
|a SNK
|b KIS3GCP
|
| 958 |
|
|
|a LX
|
| 958 |
|
|
|a SK
|
| 992 |
|
|
|a RBX
|
| 999 |
|
|
|c 2064713
|d 2066643
|